000 00654nam a2200253Ia 4500
003 OSt
005 20220912145639.0
006 a|||||r|||| 00| 0
007 ta
008 220909b |||||||| |||| 00| 0 eng d
024 _a72314
037 _b283, 06/01/2009, Dhanraj Book House
037 _cAnnuals, Advances
040 _aCSL
_beng
_cCSL
041 _aeng
082 _aL:4:65, J1
100 _aQuelch M T
245 0 _aHerbgarden
260 _c1951
300 _ap.
_ccm.
650 _aRadiotherapy
942 _hL:4:65, J1
_cREF
_2CC
999 _c35541
_d35541